| 000 | 00474nam a22001697a 4500 | ||
|---|---|---|---|
| 003 | NUST - PNEC | ||
| 005 | 20170116181006.0 | ||
| 008 | 150912b xxu||||| |||| 00| 0 eng d | ||
| 020 | _a0070249598 | ||
| 040 | _cLIBRARY | ||
| 082 | _a621.38153 GRO | ||
| 100 |
_99789 _aBernard Grob |
||
| 245 |
_aDirect and alternating current circuits : a conventional current version _bBernard Grob |
||
| 260 | _cc.1986 | ||
| 650 |
_99785 _aElectrical engineering _xEE |
||
| 942 |
_2ddc _cBK |
||
| 999 |
_c66869 _d66869 |
||